Chemická technológia textilu 1

Salvato in:
Dettagli Bibliografici
Autori principali: Prchal, Václav, Hodul, Pavel (Autore)
Natura: Libro
Lingua:slovacco
Pubblicazione: Bratislava Slovenská vysoká škola technická 1983
Edizione:1. vyd.
Accesso online:Visualizza in OPAC
Tags: Aggiungi Tag
Nessun Tag, puoi essere il primo ad aggiungerne!!

MARC

LEADER 00000nam a2200000 a 4500
005 20260127134033.0
008 180814s1983 xo 0 slo
015 |a SNBA1983/03 
020 |c 10 Kčs. (200 výtl.) 
035 |a vtls001090787 
035 |a SNK000033629 
039 9 |a 201808141720  |b VLOAD  |c 201808141720  |d VLOAD  |c 201801290748  |d VLOAD  |c 201603081441  |d VLOAD  |y 200412240940  |z VLOAD 
040 |a SNK  |b slo  |c SNK  |d STUSCHK1  |e AACR2 
041 0 |a slo 
044 |a xo  |c SK 
080 |a 677.027.2/.4(075.8)  |2 1. stred. slo 
100 1 |a Prchal, Václav 
245 0 |a Chemická technológia textilu 1  |c Václav Prchal, Pavel Hodul 
250 |a 1. vyd. 
260 |a Bratislava  |b Slovenská vysoká škola technická  |c 1983  |e Bratislava  |f Edičné stredisko SVŠT 
300 |a 172 s., 12,542 AH  |b Tb. Sch.  |c 29 cm 
500 |a Schválilo MŠ SSR ako skriptum. Rozmn. 
700 1 |a Hodul, Pavel  |4 aut 
910 |a SCHK95 
954 |a textil  |a zušľachťovanie textilu  |x farbenie textilu  |x technológie  |x učebnice VŠ 
958 |a RM 
958 |a UV 
958 |a OND 
999 |c 2611  |d 2611